The bride without scars and other stories
Gardado en:
| Autor Principal: | |
|---|---|
| Formato: | Libro |
| Idioma: | inglés |
| Publicado: |
: Klamidas Communications
2017
|
| Tags: |
Engadir etiqueta
Sen Etiquetas, Sexa o primeiro en etiquetar este rexistro!
|
MARC
| LEADER | 00000nam a22000007a 4500 | ||
|---|---|---|---|
| 008 | 210126b ||||| |||| 00| 0 eng d | ||
| 020 | |a 978-33936-5-0 | ||
| 100 | |a USMAN, Bukar | ||
| 245 | |a The bride without scars and other stories |c Bukar Usman | ||
| 250 | |b 2nd | ||
| 260 | |b : Klamidas Communications |c 2017 |h Abuja |i 691847 – Art., 691848, 691849 |l PR9387.9 .Us5 |m Nigeria – Social life and customs – Fiction | ||
| 942 | |a lcc |c BK |e Mr Ogunleye | ||
| 952 | |0 0 |1 0 |2 lcc |4 0 |6 PR93879 U S5 |7 0 |9 1897 |a HOL |b ART |d 2021-01-26 |l 0 |o PR9387.9 .Us5 |p 2021-5764 |r 2021-01-26 00:00:00 |w 2021-01-26 |y BK | ||
| 952 | |0 0 |1 0 |2 lcc |4 0 |6 PR93879 U S5 |7 0 |9 1898 |a HOL |b HOL |d 2021-01-26 |l 0 |o PR9387.9 .Us5 |p 2021-5765 |r 2021-01-26 00:00:00 |w 2021-01-26 |y BK | ||
| 952 | |0 0 |1 0 |2 lcc |4 0 |6 PR93879 U S5 |7 0 |9 1899 |a HOL |b HOL |d 2021-01-26 |l 0 |o PR9387.9 .Us5 |p 2021-5766 |r 2021-01-26 00:00:00 |w 2021-01-26 |y BK | ||
| 999 | |c 999 |d 999 | ||